Statistics for Countries that have hosted NATO summits

Click here to take the quiz!

General Stats

  • This quiz has been taken 31 times
  • The average score is 12 of 13

Answer Stats

Continent Country % Correct
EuropeBelgium
100%
EuropeFrance
100%
EuropeGermany
100%
EuropeItaly
100%
EuropeUnited Kingdom
100%
North AmericaUnited States of America
100%
EuropeSpain
97%
Asia/ EuropeTurkey
97%
EuropePortugal
90%
EuropePoland
87%
EuropeRomania
77%
EuropeCzech Republic
73%
EuropeLatvia
63%

Score Distribution

Percentile by Number Answered

Percent of People with Each Score

Your Score History

You have not taken this quiz